000 01574cam a2200241 4500
001 ABS65637
008 020627n2002 000 0 eng u
035 _a(Sirsi) u118563
245 _aBarclays Bank plc v Savile Estates Ltd
260 _c2002
490 _aEstates Gazette Law Reports
_v[2002] 24 EG 152-155(4)
520 _aCA 12 April 2002. The appellant tenant (B) held a lease from the respondent landlord (S) of business premises for a term of 42 years from 1968. The lease provided for rent reviews every seven years. The rent review provisions were to be agreed before the quarter day before the rent review date, and in default of agreement to be assessed by a surveyor appointed by the president of the RICS. The review being argued was for 25 December 1996 and it not had been agreed by 29 September 1996. By 1 September 2000, S was sent a letter on behalf of B which required B to apply to the RICS president for the nomination of an independent expert to determine the rent. The letter stated time was to be of the essence regarding the 28 day time limit. It was initially held that the rent review provisions did not contain a time limit that was capable of being made of the essence. B appealed. "Held" the appeal was allowed.
590 _aABS
650 _aBARCLAYS BANK PLC V SAVILE ESTATES LTD
650 _aRENT REVIEWS
650 _aTIME OF THE ESSENCE
650 _aTIME LIMITS
650 _aRICS
650 _aINDEPENDENT EXPERTS
650 _aRENT DETERMINATION
690 _aLANDLORD AND TENANT-RENT REVIEWS-CASE LAW
942 _n0
999 _c70607
_d70607